Quizzes
Events
Quiz Creation
Community
Videos
Private Events
Remove Ads
Sign In
Join for FREE
Feedback
Dark Mode
Quiz Categories
Sports
Geography
Music
Movies
Television
Just For Fun
Miscellaneous
History
Literature
Language
Science
Gaming
Entertainment
Religion
Holiday
For Kids
Quiz Lab
Recent
Popular Today
Quiz Kudos Today
Editor Picks
Curator Picks
Quizzes by...
Day
Popularity
Type
Ratings
Length
Year
Community
Subscriptions
Recent Discussions
Orange Saloon
Badges
Playlists
Quests
Create
Leaderboards
Showdown
Live 5
Trivia Bingo
Activity
Puzzle Library
Sporcle Events
Private Events
Virtual Trivia
Globe League
Become a Host
Pub Owners
SporcleCon
Opinionation
Our Games
Videos
Blog
Mobile Apps
Partnerships
Remove Ads and Go Orange
Feedback
Music
Pop Music
The Beatles
Song
Album
Lyrics
Bands
Singers
Artist
Clip
Rock
Rap
Classical
Billboard
Country Music
Kpop
Taylor Swift
Music
Pop Music
The Beatles
Song
Album
Lyrics
Bands
Singers
Artist
Clip
Rock
Rap
Classical
Billboard
Country Music
Kpop
Taylor Swift
Random Quiz
Search Sporcle
×
Quiz Lab
Quiz Lab
Music
Album
Type in answers that appear in a list
Type in answers that appear in a list
Classic
Best Score? Go Orange.
Leona Lewis Songs Stats
Can you name the songs that appeared on Leona Lewis' studio albums?
By
FrankW
6m
58 Questions
396 Plays
396 Plays
396 Plays
Comments
Comments
Give Quiz Kudos
Give Quiz Kudos
-
- Ratings
hide this ad
Replay
Link that replays current quiz
Next Quiz
Link to next quiz in quiz playlist
You Got
0%
They Got
Avg Score
51%
Avg Friend Score
Upgrade to see
Score Distribution
Jump to the score distribution portion of the page
Score
0/58
Timer
06:00
0
Plays Today
% Correct
Bleeding Love
94.2%
Happy
84.6%
I Got You
84.3%
I Got You
83.6%
Footprints In The Sand
77.5%
Better In Time
77.3%
Trouble
71.7%
Glassheart
71.7%
I Am
70.8%
Fire Under My Feet
69.3%
Thunder
69.2%
Homeless
68.2%
Take A Bow
67.2%
One More Sleep
66.4%
I Will Be
66.2%
Whatever It Takes
64.4%
Lovebird
64.4%
Broken
62.9%
Angel
61.4%
The First Time Ever I Saw Your Face
59.3%
Stop Crying Your Heart Out
58.3%
My Hands
57.8%
Brave
56.6%
Lost Then Found/Stone Hearts & Hand Grenades
56.1%
Outta My Head
55.3%
Here I Am
55.1%
Can't Breathe
54.8%
Yesterday
54.5%
Alive
53.8%
% Correct
Fireflies
53.8%
Love Letter
53.5%
I'm You
53.3%
Naked
53%
Come Alive
51.5%
Don't Let Me Down
51%
I To You
50.8%
Un Love Me
50.3%
Fingerprint
46.7%
The Best You Never Had
46.2%
Silent Night
46.1%
Thank You
46%
Another Love Song
45.3%
Ave Maria
45.2%
Stop The Clocks
44.9%
Power
43.8%
You Knew Me When
43.4%
Ladders
43.4%
O Holy Night
41.7%
The Essence of Me
41.6%
Shake You Up
40.9%
Christmas (Baby Please Come Home)
39.3%
Favourite Scar
39.1%
Mr. Right
38.4%
When It Hurts
35.9%
Winter Wonderland
35.7%
White Christmas
33.3%
Your Hallelujah
30.1%
I Wish It Could Be Christmas Everyday
29.5%
Quiz Playlist
Details
Report
Send in Message
Add To Playlist
Classic:
Type in answers that appear in a list
Quiz Source
Last Updated: Feb 16, 2017
Quiz Scoreboard
CHALLENGE
Sign Up to Join the Scoreboard
Show All
Scores
Hide
Comments
May contain spoilers
Recently Published
Street Fighter Characters
by Artimus82
Gaming
60s
9x9 Crossword: Cartoon Network
by jackfrog10
Miscellaneous
3m
College Basketball Coaching Resumes
by pancakes188
Sports
9m
More to Explore
Quiz From the Vault
Featured Blog Post
Where Did the Easter Bunny Come From?
hide this ad
You Might Also Like...
Tags
Album Quiz
Singers Quiz
2000s
2010s
Female Artists
UK
X Factor
Today's Top Quizzes in Music
Browse Music
hide this ad
Today's Top Quizzes in Album
Browse Album
Top Contributed Quizzes in Music
1
Taylor Swift All Songs (2024)
2
Guess the Artist- 70s Songs
3
7-to-1: Billboard Hot 100 #1 Hits of 2010s
4
Taylor Swift Logic Puzzle
5
Sorting Albums and Songs
6
KPOP LOGIC QUIZ
7
Guess the Taylor Swift song (Mystery Song)
8
Guess The Taylor Swift Lyrics Song #1
9
Billboard Blitz: ABBA
10
Billboard Blitz: The Beatles
Explore More
Trending Topics
NBA
Marvel
Crossword
Harry Potter
Disney
Anime
Kpop
Pokémon
Country
Puzzle
Song
Soccer
The Office
NFL
WWE
hide this ad
More By:
FrankW
Quiz
Plays
Rating
Category
Featured
Created
Mariah or Whitney?
12,652
4.40
Music
Feb 26, 2013
Adele: 19, 21 or 25?
5,224
4.52
Music
Feb 22, 2016
Celine or Barbra?
1,968
4.00
Music
Jul 22, 2014
ALL Whitney Houston Songs
1,479
5.00
Music
Feb 7, 2011
Whitney Houston's Hot 100 Singles
1,043
4.75
Music
Sep 12, 2010
Go to Creator's Profile
Score Distribution
Quiz Creator Spotlight
FrankW
Follow
Send a Message
Quizzes Created
-
Created Quiz Play Count
-
More By This Creator
Popular Quizzes Today
1
Find the US States - No Outlines Minefield
2
Find the Countries of Europe - No Outlines Minefield
3
The Countries of the World
4
Find the US States
5
Risky Map Clicking: Biggest States A-Z
6
US States
7
Popular People in 1961
8
Movies - When Are They Set?
More Music Quizzes
Beethoven 1-10 Blitz
Curator's Pick
Trending Quizzes
Risky Map Clicking: Least Populous States A-Z
1-10 Letter G Words
Risky Map Clicking: Next State Alphabetically
Adjectives in 80s TV Shows
The Seven Year Switch: Catherine
Recently Updated
Leaping Animals
pecheneg
Reality TV Shows (A-Z)
bhenderson79
Rickey Henderson's Hall of Fame Teammates
pecheneg
Champions League XIs: Arsenal
pecheneg
Quick Pick: Celebrities in WWE's Hall of Fame
aduchscher
A-Z Keypad Blitz II
pecheneg
Multiple Oscar Actors
pecheneg
Mystery Phrase Blitz: Oscar 'Best Actors'
pecheneg
F. Scott Fitzgerald Novels
LTH
Pick 3 Villains
ddd62291
Trending Topics
Harry Potter
Crossword
Kpop
Anime
NBA
Disney
Marvel
The Office
WWE
Soccer
Pokémon
NFL
Puzzle
Song
Country
Your Account Isn't Verified!
In order to create a playlist on Sporcle, you need to verify the email address you used during registration. Go to your
Sporcle Settings
to finish the process.
Report this User
Report this user for behavior that violates our
Community Guidelines
.
Details:
Send Report
Go to the Sporcle.com Mobile Site →
Comments